Central Library OPAC University of Rajshahi

The singing land : (Record no. 23209)

MARC details
000 -LEADER
fixed length control field 00788nam a2200265 4500
001 - CONTROL NUMBER
control field 23209
003 - CONTROL NUMBER IDENTIFIER
rucl marc code BD-RjUL
005 - DATE AND TIME OF LATEST TRANSACTION
control field 20211209000914.0
008 - FIXED-LENGTH DATA ELEMENTS--GENERAL INFORMATION
fixed length control field 140310s1972 at a b 001 0 eng
020 ## - INTERNATIONAL STANDARD BOOK NUMBER
International Standard Book Number 0207122946
035 ## - SYSTEM CONTROL NUMBER
System control number (BD-RjUL)23274
040 ## - CATALOGING SOURCE
Original cataloging agency DLC
Transcribing agency DLC
Modifying agency DLC
-- BD-RjUL
Language of cataloging eng
041 ## - LANGUAGE CODE
Language code of text/sound track or separate title eng
082 00 - DEWEY DECIMAL CLASSIFICATION NUMBER
Classification number 500.994
Author mark and year SES 1972
100 1# - MAIN ENTRY--PERSONAL NAME
Personal name Serventy, Vincent.
9 (RLIN) 71538
245 14 - TITLE STATEMENT
Title The singing land :
Remainder of title 22 natural environments of Australia from surging ocean to arid desert /
Statement of responsibility, etc. Vincent Serventy
260 ## - PUBLICATION, DISTRIBUTION, ETC. (IMPRINT)
Place of publication, distribution, etc. Sydney :
Name of publisher, distributor, etc. Angus and Robertson,
Date of publication, distribution, etc. c1972.
300 ## - PHYSICAL DESCRIPTION
Pagination viii, 96 p. :
Illustrations ill. ;
Size 27 cm.
350 ## - PRICE (NR) (BK AM CF MU VM SE) [OBSOLETE]
Price $5.50
504 ## - BIBLIOGRAPHY, ETC. NOTE
Bibliography, etc Bibliography: p. 90.
650 #0 - SUBJECT ADDED ENTRY--TOPICAL TERM
Topical term or geographic name as entry element Natural history
Geographic subdivision Australia.
9 (RLIN) 33542
942 ## - ADDED ENTRY ELEMENTS (KOHA)
Source of classification or shelving scheme Dewey Decimal Classification
Koha item type Books
Holdings
Lost status Source of classification or shelving scheme Damaged status Not for loan Collection code Permanent Location Current Location Shelving location Date acquired Source of acquisition Total Checkouts Full call number Date last seen Copy number Koha item type
  Dewey Decimal Classification   Added to bundle Non-fiction Central Library, University of Rajshahi Central Library, University of Rajshahi Reading Room 11/09/1973 Australia   500.994 SES 1972 10/03/2014 C-1 Books